000 00583nam a2200229 a 4500
001 nice12345678
003 IN_TiNIC
005 20260116012745.0
008 050524s1988 newa grp 000 0 eng
020 _a
_c100
082 0 0 _a297.82
_bNAS
100 _aNasr, Seyyed Hossein
245 _aShi Ism
_b Doctrines, Thought, and Spirituality
260 _aNew York
_bState University of New York
_c1988
300 _a401p
500 _aincludes index and biblioraphy
505 2 _aIndex
700 1 _aNasr, Seyyed Hossein
902 _bSRS
942 _cBK
999 _c8254
_d8254